| 000 | 00385 a2200169 4500 | ||
|---|---|---|---|
| 001 | 195483 | ||
| 020 | _a978-85-7412-622-7 | ||
| 040 | _cMagnum | ||
| 100 | _aSmith, T. Alex | ||
| 240 | 1 | 0 |
_aChapeuzinho e o leão faminto _lpor |
| 245 | 1 | 0 | _aChapeuzinho e o leão faminto |
| 300 | _a32 | ||
| 362 | 0 | _a2019 | |
| 440 | 1 | _aBrinque-Book | |
| 697 | _aLITERATURA INFANTIL | ||
| 942 | _cBK | ||
| 999 |
_c195483 _d195483 |
||